| 000 | 00407nam a22001337a 4500 | ||
|---|---|---|---|
| 082 |
_a625.7 _bNAT _cD |
||
| 100 |
_aNational research council _926742 |
||
| 245 |
_aThe AASHO road test _bReport 2 materials and construction |
||
| 260 |
_aWashinghton, D.C _bNational research council _c1962 |
||
| 300 |
_ax, 173 p. _billus. |
||
| 526 |
_a0 _b0 _c0 _d625_700000000000000_NAT |
||
| 650 |
_aMCE _9379 |
||
| 942 |
_2ddc _cBK |
||
| 999 |
_c547405 _d547405 |
||